00453nam a2200121Ia 4500999001700000082002100017100003000038245005800068260003000126300000900156942001200165952015400177 c17793d17793 a954.041508 ASS-P aAssam University, Silchar 0aPartition and Northeast India: a collection of papers aSilcharbAssam University av.p. cBK2ddc 00104070aNASSDOCbNASSDOCd2011-07-25eGifted by : IC Division, ICSSRi2011-07-04l0o954.041508 ASS-Pp47365r2019-04-18 00:00:00w2019-04-18yBK